000 00310nam a2200145Ia 4500
100 _aHolm/ W.A.
650 _aElectrical Engineering
942 _cBK
654 _atelevision
245 _aHow television works
260 _bPhilips
_aBombay
_c1976
082 _a621.38
300 _a351
546 _aENGLISH
999 _c30684
_d30684